000
00323nam a2200133Ia 4500
005
20260326100043.0
008
260326s9999||||xx |||||||||||||| ||und||
100
_a
Pile, John F
245
0
_a
Interior Design /
_c
John F Pile
260
_b
Harry N. Abrams
300
_a
606 p.
650
_a
ARQUITECTURA INTERIOR
942
_c
BK
999
_c
7095
_d
7095